| 000 | 00611nam a2200181 a 4500 | ||
|---|---|---|---|
| 001 | 000020934 | ||
| 005 | 20200930011206.0 | ||
| 008 | 100824s2004 dr a 000 0 spa d | ||
| 040 |
_aDO-SdBNP _bspa _cBNPHU |
||
| 082 |
_axxx _bC957f |
||
| 100 | 1 |
_aCruz Núñez, Ramón _943859 |
|
| 245 | 1 | 0 |
_aFrente al espejo de mi amigo / _cRamón Cruz Núñez; prólogo Freddy Mariano Cruz. |
| 260 |
_aSanto Domingo : _bHnos. Valenzuela, _c2004. |
||
| 300 |
_a122 p. : _bil. ; _c22 cm. |
||
| 500 | _aIncluye datos biográficos del autor en la contracubierta | ||
| 700 | 1 |
_aCruz, Freddy Mariano _epról. _943860 |
|
| 049 | _aBNPD | ||
| 999 |
_c20437 _d20437 |
||